Pays où l’homosexualité est interdite - Statistiques

Statistiques générales
  • Ce quiz a été pris 49 fois
  • Le résultat moyen est 43 sur 65
Statistiques - réponses
Continent Pays % Correct
Afrique Algérie
100%
Afrique Maroc
98%
Afrique Égypte
93%
(*) Asie Irak
90%
Asie Iran
90%
Afrique Sénégal
90%
Asie Arabie saoudite
88%
Afrique Soudan
88%
Afrique Tunisie
88%
Asie Yémen
85%
Asie Afghanistan
83%
Afrique Libye
83%
Afrique Nigeria
83%
Asie Oman
83%
Asie Pakistan
83%
Afrique Soudan du sud
83%
Afrique Tchad
83%
Afrique Guinée
80%
Asie Liban
80%
Asie Émirats Arabes Unis
78%
Afrique Érythrée
78%
Afrique Éthiopie
78%
Afrique Somalie
78%
(*) Asie Indonésie
76%
Asie Qatar
76%
Asie Syrie
76%
Afrique Cameroun
73%
Afrique Ghana
73%
Asie Koweït
73%
Afrique Tanzanie
73%
Afrique Togo
73%
Afrique Burkina Faso
71%
Asie Malaisie
71%
Afrique Mauritanie
71%
Afrique Ouganda
71%
Asie Turkménistan
71%
Afrique Kenya
68%
Asie Ouzbékistan
68%
Afrique Zimbabwe
66%
Afrique Zambie
63%
Afrique Comores
61%
Afrique Gambie
61%
Afrique Burundi
59%
Afrique Eswatini
59%
Océanie Kiribati
59%
Asie Bangladesh
56%
Océanie Îles Salomon
56%
Afrique Namibie
56%
Océanie Samoa
56%
Océanie Tonga
56%
Afrique Liberia
54%
Afrique Sierra Leone
54%
Amérique du Nord Jamaïque
51%
Afrique Malawi
49%
Océanie Tuvalu
49%
Asie Brunei
46%
Asie Maldives
46%
Amérique du Nord Sainte-Lucie
46%
Amérique du Sud Guyana
44%
Asie Sri Lanka
41%
Amérique du Nord Grenade
39%
Océanie Papouasie-Nouvelle-Guinée
39%
Asie Palestine
24%
Asie Myanmar
10%
Amérique du Nord Saint-Vincent-Les-Grenadines
2%
Aucun quiz correspondant
Distribution des résultats
% des personnes avec chaque résultat
Percentile par nombre de réponses
Votre historique - résultats
Vous n’avez pas pris ce quiz